[Event "Bled op 19th"]
[Site "Bled"]
[Date "1998.??.??"]
[Round "5"]
[White "Mali, Slavko"]
[Black "Groselj, Petra"]
[Result "1/2-1/2"]
[WhiteElo "2195"]
[BlackElo "2100"]
[PlyCount "97"]
[EventDate "1998.03.21"]
[EventType "swiss"]
[EventRounds "9"]
[EventCountry "SLO"]
[SourceTitle "EXT 1999"]
[Source "ChessBase"]
[SourceDate "1998.11.16"]
[SourceVersion "1"]
[SourceVersionDate "1998.11.16"]
[SourceQuality "1"]

1. Nf3 Nf6 2. c4 g6 3. Nc3 Bg7 4. g3 0-0 5. Bg2 d5 6. cxd5 Nxd5 7. 0-0 Nc6 8. d4 Nb6 9. e3 e5 10. d5 Ne7 11. e4 Bg4 12. h3 Bxf3 13. Qxf3 c6 14. dxc6 Nxc6 15. Be3 Nd4 16. Qd1 Rc8 17. Rc1 Qd7 18. Ne2 Nc4 19. Bxd4 exd4 20. b3 Na3 21. Qd2 Rfd8 22. Rfd1 Qe7 23. Nf4 Nb5 24. Nd5 Qe6 25. f4 Bf8 26. f5 gxf5 27. exf5 Qxf5 28. Rf1 Rxc1 29. Qxc1 Qg6 30. Nf6+ Kh8 31. g4 Nc3 32. Qe1 Qd3 33. Qh4 Ne2+ 34. Kh1 Ng3+ 35. Kg1 Qe3+ 36. Rf2 h6 37. Ne4 Nxe4 38. Bxe4 Rc8 39. Qf6+ Bg7 40. Qf5 Qg3+ 41. Bg2 Rc1+ 42. Rf1 Rxf1+ 43. Kxf1 Qc7 44. Be4 Kg8 45. h4 Qc1+ 46. Kg2 b6 47. Bd5 Qd2+ 48. Kf1 Qd1+ 49. Kf2 1/2-1/2

[Event "Bled op 16th"]
[Site "Bled"]
[Date "1995.??.??"]
[Round "2"]
[White "Vospernik, Zdravko"]
[Black "Mali, Slavko"]
[Result "1-0"]
[WhiteElo "2270"]
[BlackElo "2225"]
[PlyCount "55"]
[EventDate "1995.03.??"]
[EventType "swiss"]
[EventRounds "9"]
[EventCountry "SLO"]
[SourceTitle "EXT 1998"]
[Source "ChessBase"]
[SourceDate "1997.11.17"]
[SourceVersion "1"]
[SourceVersionDate "1997.11.17"]
[SourceQuality "1"]

1. d4 Nf6 2. Nf3 g6 3. g3 Bg7 4. Bg2 c5 5. d5 d6 6. 0-0 b5 7. Re1 0-0 8. e4 Bb7 9. Nbd2 Nbd7 10. a4 a6 11. c4 bxc4 12. Nxc4 Nb6 13. Nxb6 Qxb6 14. a5 Qc7 15. Nd2 Rab8 16. Nc4 Nd7 17. f4 Rfd8 18. Bd2 e6 19. Bc3 exd5 20. exd5 Nf6 21. Nb6 Re8 22. Qa4 Rxe1+ 23. Rxe1 Rd8 24. h3 h5 25. f5 Nd7 26. fxg6 fxg6 27. Re7 Bxc3 28. Nxd7 1-0

[Event "SLO-ch sf"]
[Site "Slovenia"]
[Date "1994.??.??"]
[Round "?"]
[White "Cepon, Dusan"]
[Black "Mali, Slavko"]
[Result "1-0"]
[WhiteElo "2195"]
[BlackElo "2290"]
[PlyCount "116"]
[EventDate "1994.??.??"]
[EventType "swiss"]
[EventRounds "9"]
[EventCountry "SLO"]
[SourceTitle "EXT 1997"]
[Source "ChessBase"]
[SourceDate "1996.11.15"]
[SourceVersion "1"]
[SourceVersionDate "1996.11.15"]
[SourceQuality "1"]

1. d4 Nf6 2. e3 g6 3. Bd3 Bg7 4. Ne2 c5 5. 0-0 0-0 6. Nd2 d5 7. c3 cxd4 8. exd4 Nc6 9. f4 e6 10. Qc2 Bd7 11. Nf3 Rc8 12. a3 Na5 13. h3 Nc4 14. b3 Nd6 15. Be3 Bb5 16. a4 Bxd3 17. Qxd3 a6 18. a5 Nfe8 19. Bc1 Ne4 20. Ba3 N8d6 21. Bb4 Re8 22. Bxd6 Nxd6 23. Nd2 Qd7 24. Rf3 Rc7 25. b4 Nb5 26. Nb3 Rc4 27. Nc5 Qc7 28. Qd2 Nd6 29. Re1 f5 30. Ng3 Ne4 31. Ngxe4 fxe4 32. Rfe3 Bf8 33. Rg3 Bxc5 34. bxc5 Rf8 35. Rf1 Qxa5 36. h4 Rf5 37. Rh3 Ra4 38. Qb2 Rf7 39. h5 Ra2 40. Qc1 Qb5 41. hxg6 hxg6 42. f5 exf5 43. Qh6 Rg7 44. Qh8+ Kf7 45. Qd8 Qe8 46. Qxd5+ Qe6 47. Qd8 Qe7 48. Qb6 Rd2 49. Rh8 e3 50. Qb3+ Kf6 51. Qd5 e2 52. Re1 Qe3+ 53. Kh2 Qf4+ 54. g3 Qc7 55. Rd8 Qe7 56. Rd6+ Kg5 57. Re6 Qc7 58. Qf3 f4 1-0

[Event "Bled op 15th"]
[Site "Bled"]
[Date "1994.??.??"]
[Round "?"]
[White "Mali, Slavko"]
[Black "Senoner, Erich2222"]
[Result "0-1"]
[WhiteElo "2290"]
[BlackElo "2105"]
[PlyCount "62"]
[EventDate "1994.03.??"]
[EventType "swiss"]
[EventRounds "9"]
[EventCountry "SLO"]
[SourceTitle "TD"]
[Source "ChessBase"]
[SourceDate "1994.03.01"]
[SourceVersion "1"]
[SourceVersionDate "1994.03.01"]
[SourceQuality "1"]

1. c4 Nf6 2. Nc3 e6 3. d4 Bb4 4. a3 Bxc3+ 5. bxc3 c5 6. Nf3 0-0 7. e3 Nc6 8. Be2 Ne4 9. Qc2 f5 10. 0-0 b6 11. Nd2 Nxd2 12. Qxd2 Na5 13. Qa2 Qc7 14. a4 Ba6 15. Ba3 d6 16. d5 e5 17. Rfe1 Qe7 18. Bc1 Rae8 19. Bf1 e4 20. f4 exf3 21. gxf3 Qh4 22. Qf2 Qxf2+ 23. Kxf2 Bxc4 24. Bg2 Re5 25. f4 Re7 26. Rb1 Rfe8 27. Rb2 Bb3 28. Bh3 g6 29. Bf1 Bxa4 30. c4 Bb3 31. Bd2 Nxc4 0-1

[Event "SLO-ch sf"]
[Site "Slovenia"]
[Date "1994.??.??"]
[Round "?"]
[White "Mali, Slavko"]
[Black "Slak, Marjan"]
[Result "1/2-1/2"]
[WhiteElo "2290"]
[BlackElo "2225"]
[PlyCount "107"]
[EventDate "1994.??.??"]
[EventType "swiss"]
[EventRounds "9"]
[EventCountry "SLO"]
[SourceTitle "EXT 1997"]
[Source "ChessBase"]
[SourceDate "1996.11.15"]
[SourceVersion "1"]
[SourceVersionDate "1996.11.15"]
[SourceQuality "1"]

1. c4 e5 2. Nc3 Nf6 3. g3 c6 4. Bg2 d5 5. cxd5 cxd5 6. Nf3 Nc6 7. d4 exd4 8. Nxd4 Be7 9. 0-0 0-0 10. a3 Re8 11. h3 h6 12. Be3 Bf8 13. Re1 Rxe3 14. fxe3 Bd6 15. Rf1 Bxg3 16. Nf5 Bc7 17. Nxd5 Nxd5 18. Qxd5 Qe8 19. Qe4 Be6 20. Rad1 Rd8 21. Nd4 Nxd4 22. Rxd4 Bb6 23. Rd3 Rxd3 24. exd3 Qb5 25. b4 Qa4 26. Qxb7 Bxe3+ 27. Kh1 Bb6 28. d4 g6 29. d5 Bf5 30. Qb8+ Kg7 31. Qe5+ Kh7 32. Qf6 Kg8 33. Qc3 Qd7 34. Rc1 Qd6 35. a4 Qf4 36. a5 Bd4 37. Qe1 Be5 38. Qg1 Qxb4 39. Qxa7 Qf4 40. Qg1 Qg3 41. Re1 Bxh3 42. Rxe5 Bxg2+ 43. Qxg2 Qxe5 44. Qd2 Qd6 45. Qd3 h5 46. a6 Qd7 47. Kg2 h4 48. d6 g5 49. Qd5 Qg4+ 50. Kf2 Qf4+ 51. Ke2 Qg4+ 52. Kf2 Qf4+ 53. Ke2 Qg4+ 54. Kf2 1/2-1/2

[Event "Bled op"]
[Site "Bled"]
[Date "1991.??.??"]
[Round "?"]
[White "Kaminik, Aleksandar"]
[Black "Mali, Slavko"]
[Result "1/2-1/2"]
[WhiteElo "2245"]
[BlackElo "2315"]
[PlyCount "100"]
[EventDate "1991.02.??"]
[EventType "swiss"]
[EventRounds "9"]
[EventCountry "SLO"]
[SourceTitle "EXT 1998"]
[Source "ChessBase"]
[SourceDate "1997.11.17"]
[SourceVersion "1"]
[SourceVersionDate "1997.11.17"]
[SourceQuality "1"]

1. d4 Nf6 2. c4 e6 3. Nc3 b6 4. e4 Bb7 5. Bd3 Bb4 6. Qc2 c5 7. a3 Bxc3+ 8. bxc3 cxd4 9. cxd4 Nc6 10. Nf3 Rc8 11. e5 Ng4 12. h3 Nh6 13. Qe2 Na5 14. Be3 Nf5 15. 0-0 Bxf3 16. Qxf3 Nxc4 17. Bxf5 exf5 18. Qxf5 Qe7 19. Bg5 Qe6 20. Qd3 0-0 21. f4 Qg6 22. Qxg6 hxg6 23. f5 f6 24. exf6 gxf5 25. Rxf5 g6 26. Rd5 d6 27. a4 a6 28. g4 Kf7 29. Bh4 Rh8 30. Bf2 Rxh3 31. Re1 Kxf6 32. Kg2 Rhh8 33. Bg3 Rce8 34. Rf1+ Ke6 35. Rg5 Rhg8 36. d5+ Kd7 37. Rf6 b5 38. axb5 axb5 39. Rgxg6 Rxg6 40. Rxg6 b4 41. Rg7+ Re7 42. Rg8 b3 43. Rb8 b2 44. g5 Kc7 45. Rb4 Kc8 46. g6 Ne3+ 47. Kf3 Nxd5 48. Rxb2 Kd7 49. Rd2 Ke6 50. Re2+ Kf5 1/2-1/2